00719nmc a2200229 a 4500003000900000005001700009008004100026040001300067100002100080245009300101250001200194260004400206300001100250490004600261504004500307650002600352650002200378650002200400650002600422650002200448650001900470AR-BaBNM20251128205618.0298019s1991 ||||||||||||||000 | spa|| cAR-BaBNM1 aChavez, Fermín10aLa cultura en la época de Rosasbaportes a la descolonización mental de la Argentina a2ª ed. aBuenos AiresbEdiciones Theoríac19910 a159 p. 0aBiblioteca de ensayistas contemporáneos aBibliografía para consultar p. 157-158 4aHISTORIA DE LAS IDEAS 4aHISTORIA POLITICA 4aROSAS Y SU TIEMPO 4aPERIODO INDEPENDIENTE 4aHISTORIA CULTURAL 4aHISTORIOGRAFIA